Elementos de cosmografía /

Guardado en:
Autor Principal: Charola, Florencio
Formato: Libro
Publicado: Buenos Aires : Kapelusz, 1959
Edición:7a. ed.
Materias:
Etiquetas: Agregar Etiqueta
Sin Etiquetas, Sea el primero en etiquetar este registro!
LEADER 00786nam a22002535a 4500
001 CEM.cems001608
005 20060214000000.0
008 130507s1959##################000#0#####d
003 CEMS
082 0 4 |a 520 
100 1 |a Charola, Florencio 
245 1 0 |a Elementos de cosmografía /  |c Florencio Charola 
250 |a 7a. ed. 
260 |a Buenos Aires :  |b Kapelusz,  |c 1959 
300 |a 288 p. 
505 0 |a Triangulo de posicion; Hipotesis cosmogonicas 
653 |a Astronomia 
653 |a Cometas 
653 |a Coordenadas ecuatoriales 
653 |a Eclipses 
653 |a Estrellas 
859 |a CEMS  |b BIB. CEMS - 11 de abril  |h 520  |i C383  |p 1075.73  |t Ej.1 
859 |a CEMS  |b BIB. CEMS - 11 de abril  |h 520  |i C383  |p 1076.73  |t Ej.2 
859 |a CEMS  |b BIB. CEMS - 11 de abril  |h 520  |i C383  |p 1077.73  |t Ej.3